Krátky rusko-slovenský slovník trhovej ekonomiky

Bibliographic Details
Main Author: Sokolová, Jana (Author)
Format: Book
Language:Russian
PhysicalDescription:127 s. Skr. a značky 21 cm
Published: Nitra Vysoká škola pedagogická 1995
ISBN:8088738814
Subjects:

MARC

LEADER 00000cam a2200000 a 4500
001 vtls001059120
003 SK-MaSNL
005 20260301232556.0
008 250414s1995 xo grnd 000 0 rus
015 |a SNBA1995/0902555 
020 |a 8088738814 
035 |a SNK000001938 
035 |a urn:nbn:sk:snk-amkdym 
035 |a urn:nbn:sk:snk-am003uqa 
035 |a 53EA2647-44C8-4767-A432-F92BD587F361 
040 |a SNK  |b slo  |c SNK  |e AACR2 
041 0 |a rus 
044 |a xo  |c SK 
080 |a 339(038)=82=854  |2 1981 
080 |a 801.323.2=82=854  |2 1981 
100 1 |a Sokolová, Jana  |4 aut  |9 267953 
245 1 0 |a Krátky rusko-slovenský slovník trhovej ekonomiky  |c Jana Sokolová 
260 |a Nitra  |b Vysoká škola pedagogická  |c 1995 
300 |a 127 s.  |b Skr. a značky  |c 21 cm 
366 |e 200 výt. 
504 |a Bibliogr. 
650 0 7 |a trhová ekonomika  |2 SNKPH  |9 2374 
655 7 |a slovníky  |2 SNKPH  |9 70413 
852 |a Slovenská národná knižnica 
919 |a 80-88738-81-4 
954 |a hospodárstvo trhové  |a slovníky terminologické 
954 |a ekonomika trhová p. hospodárstvo trhové 
958 |a OND 
958 |a TL 
958 |a NB 
999 |c 961849  |d 963779 
952 |t P60, <09>, [BOOK], {629}  |a SNK  |b SNK  |y NEVYP  |7 0  |o snkC 1469  |i snk2868/950911  |0 0  |1 0  |4 0  |d 1995-09-08  |l 0  |r 2004-12-31 00:00:00  |w 2026-02-24 
952 |t P60, <04>, [BOOK], {604}  |a SNK  |b SNK  |y VYP  |7 0  |p 17A0002990  |o snkSC 88940 D1  |i snkKSP 7975/95  |0 0  |1 0  |4 0  |d 1995-09-08  |l 0  |r 2004-12-31 00:00:00  |w 2026-02-24 
952 |a SNK  |b SNK  |y PREZ  |7 0  |p 17A1012089  |o snkSC 88940  |i snkKSP 7974/95  |0 0  |1 0  |4 0  |d 2012-08-20  |f 1  |l 0  |r 2025-09-08 00:00:00  |w 2026-02-24